Portland Trail Blazers: Most Dunks Each Year - Statistics

General Stats
  • This quiz has been taken 193 times
    40 since last reset
  • The average score is 9 of 23
Answer Stats
Year Player Dunks % Correct
2017-2018 Jusuf Nurkic 61
88%
2018-2019 Jusuf Nurkic 68
88%
2007-2008 LaMarcus Aldridge 86
85%
2008-2009 LaMarcus Aldridge 108
85%
2009-2010 LaMarcus Aldridge 87
85%
2010-2011 LaMarcus Aldridge 148
85%
2011-2012 LaMarcus Aldridge 54
85%
2023-2024 Deandre Ayton 80
62%
2001-2002 Rasheed Wallace 104
38%
2019-2020 Hassan Whiteside 128
32%
2013-2014 Robin Lopez 75
29%
2014-2015 Robin Lopez 38
29%
2015-2016 Mason Plumlee 86
18%
2016-2017 Mason Plumlee 90
18%
2020-2021 Derrick Jones Jr. 50
15%
2021-2022 Drew Eubanks 46
12%
2022-2023 Drew Eubanks 76
12%
2012-2013 J.J. Hickson 122
9%
2002-2003 Dale Davis 80
3%
2003-2004 Darius Miles 71
0%
2004-2005 Darius Miles 97
0%
2006-2007 Jamaal Magloire 54
0%
2005-2006 Joel Przybilla 56
0%
No matching quizzes found
Score Distribution
Percent of People with Each Score
Percentile by Number Answered
Your Score History
You have not taken this quiz since the last reset